01398 a2200157 45000010006000000050017000060080041000230030015000640400040000790800064001192450189001832640035003723000019004075050790004261000024012163238620260407155622.0260407a1972 arg spa dAR-UNSa-BCEJYS aAR-UNSa-BCEJYSbspacAR-UNSa-BCEJYS a658xAdministración de empresas. Organización comercial10aAdministración, subdesarrollo y estrangulamiento teconologicopintroducción al caso latinoamericano, elementos para una sociología del subdesarrollo tecnológico latinoamericano 1aBuenos Aires :bPaidósc1972 a240 p.c23 cm. aI. Diagnostico de la situación : 1. Fenómenos de la dependencia - 2. Fenómenos de irracionalidad y estancamiento - 3. El proceso global - II.Un caso de legitimidad de los trasplantes: el area de personal: 4. Un mercado de trabajo diferenciado - 5. Area de ilegitimidad de los traslados mecánicos - 6. Motivaciones para trabajar, desarrollo y subdesarrollo - 7. Una conclusión de conjunto - III. Administración en paises subdesarrollados: Los problemas especificos de la empresa industrial uruguaya : 8. Problemas causados a la empresa industrial por el subdesarrollo dependiente - 9. Problemas de la empresa industrial derivados del comportamiento económico, técnico y social de la clase empresaria - 10. Problemática de la administración - IV. Reflexiones finales.1 aKliksberg, Bernardo